[Event "CUB-ch"]
[Site "CUB"]
[Date "1982.??.??"]
[Round "5"]
[White "Sieiro Gonzalez, Luis"]
[Black "Nogueiras, Jesus"]
[Result "1/2-1/2"]
[WhiteElo "2305"]
[BlackElo "2495"]
[PlyCount "32"]
[EventDate "1982.??.??"]
[Source "ChessBase"]

1. e4 e5 2. Nf3 Nc6 3. Bc4 Nf6 4. Ng5 d5 5. exd5 Na5 6. Bb5+ c6 7. dxc6 bxc6 8. Be2 h6 9. Nh3 Bd6 10. d3 O-O 11. Nc3 Nd5 12. Bf3 Bc7 13. Ng1 f5 14. Nge2 g5 15. h4 Nxc3 16. Nxc3 g4 1/2-1/2

[Event "Centrocoop June op-A"]
[Site "Eforie Nord "]
[Date "1998.??.??"]
[Round "?"]
[White "Chernitsin, Ivan"]
[Black "Tikhomirov, Sergei"]
[Result "1-0"]
[WhiteElo "2360"]
[BlackElo "2435"]
[PlyCount "68"]
[EventDate "1998.06.??"]
[Source "www.chesslib.no"]
[SourceDate "2004.05.04"]

1. e4 e5 2. Nf3 Nc6 3. Bc4 Nf6 4. Ng5 d5 5. exd5 Na5 6. Bb5+ c6 7. dxc6 bxc6 8. Be2 h6 9. Nh3 Bc5 10. O-O O-O 11. d3 Nb7 12. Nc3 Bb6 13. Bf3 Nd5 14. Qe2 Bc7 15. Re1 Nc5 16. Nxd5 cxd5 17. d4 exd4 18. Nf4 Qd6 19. Bxd5 Rb8 20. Qh5 Nd7 21. Re8 Ne5 22. Rxf8+ Kxf8 23. Bxf7 Qb4 24. c3 dxc3 25. Bb3 Bg4 26. Qh4 cxb2 27. Bxb2 Qxf4 28. Ba3+ Rb4 29. Rd1 Nc6 30. f3 Ke8 31. Bxb4 Nxb4 32. Re1+ Be5 33. Qxg4 Qxh2+ 34. Kf1 Nd3 1-0

[Event "Classics II GM"]
[Site "Gausdal"]
[Date "2003.10.26"]
[Round "8.4"]
[White "Pilgaard, Kim"]
[Black "Tallaksen, Geir Sune"]
[Result "1-0"]
[WhiteElo "2459"]
[BlackElo "2327"]
[PlyCount "95"]
[EventDate "2003.10.21"]
[Source "Roberto Alvarez"]
[SourceDate "2003.11.03"]

1. e4 e5 2. Nf3 Nc6 3. Bc4 Nf6 4. Ng5 d5 5. exd5 Na5 6. Bb5+ c6 7. dxc6 bxc6 8. Be2 h6 9. Nh3 Bd6 10. d3 Qc7 11. Nc3 O-O 12. O-O Bf5 13. Bf3 Rad8 14. Kh1 Rfe8 15. Ne4 Nxe4 16. Bxe4 Be6 17. g4 Nb7 18. f4 Nc5 19. f5 Bd5 20. Qe2 Bxe4+ 21. dxe4 Be7 22. Nf2 Qb7 23. Rb1 Bh4 24. Be3 Bxf2 25. Bxf2 Qb4 26. Bxc5 Qxc5 27. Rbd1 Qa5 28. a3 Qb5 29. Qxb5 cxb5 30. Kg2 f6 31. Kf3 Kf7 32. Ke2 Ke7 33. Rxd8 Kxd8 34. Rd1+ Kc7 35. Rd5 Kc6 36. c3 h5 37. Kf3 hxg4+ 38. Kxg4 Rh8 39. h4 a6 40. b4 Kc7 41. c4 bxc4 42. Rc5+ Kb7 43. Rxc4 Rd8 44. Kh5 Rd3 45. Kg6 Rd4 46. Rc3 Rxe4 47. Kxg7 Rxh4 48. Kxf6 1-0

[Event "Ch \"]
[Site "Lugansk"]
[Date "1989.??.??"]
[Round "5"]
[White "Tkachenko, Georgiy"]
[Black "Kuzmin, Gennadi P"]
[Result "0-1"]
[WhiteElo "2270"]
[BlackElo "2505"]
[PlyCount "70"]
[EventDate "1989.??.??"]
[Source "www.chesslib.no"]
[SourceDate "2004.05.04"]

1. e4 e5 2. Nf3 Nc6 3. Bc4 Nf6 4. Ng5 d5 5. exd5 Na5 6. Bb5+ c6 7. dxc6 bxc6 8. Be2 h6 9. Nh3 g5 10. d3 Rg8 11. g4 c5 12. Nc3 Nc6 13. Ne4 Nd4 14. f3 Nxe4 15. dxe4 Qa5+ 16. Bd2 Qb6 17. b3 a5 18. c3 Nxe2 19. Kxe2 c4 20. Be3 Qa6 21. Kf2 Be6 22. Kg3 Be7 23. Nf2 Kf8 24. b4 axb4 25. cxb4 Qa3 26. Bc5 Bxc5 27. bxc5 Qxc5 28. h4 h5 29. hxg5 hxg4 30. Nxg4 Ke7 31. Qc1 Bxg4 32. Kxg4 Qf2 33. Rh3 f6 34. f4 Qg2+ 35. Rg3 Rxg5+ 0-1

[Event "FSI - Torneo dell'Anniversario"]
[Site "?"]
[Date "2000.??.??"]
[Round "?"]
[White "De Lorenzo Giancarlo"]
[Black "Mauro Lucio"]
[Result "1/2-1/2"]
[WhiteElo "2360"]
[BlackElo "2405"]
[PlyCount "60"]
[EventDate "2000.??.??"]
[Source "www.chesslib.no"]
[SourceDate "2004.05.04"]

1. e4 e5 2. Nf3 Nc6 3. Bc4 Nf6 4. Ng5 d5 5. exd5 Na5 6. Bb5+ c6 7. dxc6 bxc6 8. Be2 h6 9. Nh3 Bc5 10. Nc3 O-O 11. d3 Nd5 12. Nxd5 cxd5 13. Bg4 Nc6 14. c3 Qf6 15. O-O Rb8 16. Bxc8 Rfxc8 17. Qg4 a5 18. b3 Re8 19. Bd2 d4 20. c4 Bb4 21. Rad1 Bc3 22. f4 Bxd2 23. Rxd2 a4 24. fxe5 Qxe5 25. Nf4 axb3 26. axb3 Qa5 27. Re2 Rxe2 28. Qxe2 Qf5 29. Nd5 Qe6 30. Qb2 Ne7 1/2-1/2

[Event "open"]
[Site "Balatonlelle"]
[Date "2004.07.21"]
[Round "3"]
[White "Dekic, Josip"]
[Black "Szabo, Zsolt ROM"]
[Result "0-1"]
[WhiteElo "2317"]
[BlackElo "2437"]
[PlyCount "96"]
[EventDate "2004.07.19"]
[Source "Roberto Alvarez"]
[SourceDate "2004.08.17"]

1. e4 e5 2. Nf3 Nc6 3. Bc4 Nf6 4. Ng5 d5 5. exd5 Na5 6. Bb5+ c6 7. dxc6 bxc6 8. Be2 h6 9. Nh3 Bc5 10. d3 O-O 11. Nc3 Nb7 12. O-O Nd6 13. Bf3 Qc7 14. Na4 Bd4 15. c3 Bb6 16. Nxb6 axb6 17. Kh1 Rd8 18. Be3 Be6 19. Qc2 Nf5 20. Ng1 Rd7 21. Rfd1 Rad8 22. g3 c5 23. Qe2 Qa7 24. b4 cxb4 25. cxb4 Qa6 26. Qb2 Nxe3 27. fxe3 e4 28. dxe4 Rxd1 29. Rxd1 Rxd1 30. Bxd1 Nxe4 31. Bf3 Nd6 32. Qd2 b5 33. Ne2 Bxa2 34. Bd5 Bc4 35. Bxc4 Nxc4 36. Qd8+ Kh7 37. Qd3+ g6 38. Kg2 Qb7+ 39. e4 Qe7 40. h4 h5 41. Kf2 Qxb4 42. Qd5 Qe7 43. Qxb5 Qxe4 44. Qg5 Ne5 45. Qd2 Qf3+ 46. Kg1 Nd3 47. Qa2 Qf2+ 48. Kh1 Ne5 0-1

[Event "Kiev-ch"]
[Site "?"]
[Date "2003.01.18"]
[Round "2"]
[White "Taborov Boris"]
[Black "Shianovsky Vladislav I"]
[Result "1/2-1/2"]
[WhiteElo "2450"]
[BlackElo "2295"]
[PlyCount "86"]
[EventDate "2003.??.??"]
[Source "www.chesslib.no"]
[SourceDate "2004.05.04"]

1. e4 e5 2. Nf3 Nc6 3. Bc4 Nf6 4. Ng5 d5 5. exd5 Na5 6. Bb5+ c6 7. dxc6 bxc6 8. Be2 h6 9. Nh3 Bxh3 10. gxh3 Qd4 11. O-O Bd6 12. d3 Rd8 13. c3 Qh4 14. Bf3 Qxh3 15. Bg2 Qh4 16. b4 e4 17. f4 exf3 18. Qe1+ Qxe1 19. Rxe1+ Kd7 20. Bxf3 Rde8 21. Rf1 Nb7 22. Na3 Nd8 23. Nc4 Bb8 24. Be3 Nd5 25. Bd4 h5 26. Be4 f6 27. Rae1 Ne6 28. Bf5 g6 29. Bh3 Rhf8 30. a4 Ndf4 31. Rxf4 Bxf4 32. Bxa7 f5 33. Bg2 Nd8 34. Rf1 Bc7 35. b5 Re2 36. Bc5 Rfe8 37. b6 Nb7 38. bxc7 Nxc5 39. c8=Q+ Kxc8 40. Nd6+ Kd7 41. Nxe8 Rxe8 42. a5 Ra8 43. d4 Nb3 1/2-1/2

[Event "LADAC"]
[Site "?"]
[Date "1999.11.01"]
[Round "?"]
[White "Zarate Juan Carlos"]
[Black "Sanchez Jose Julio (ARG)"]
[Result "1/2-1/2"]
[WhiteElo "2405"]
[BlackElo "2308"]
[PlyCount "59"]
[EventDate "1999.??.??"]
[Source "www.chesslib.no"]
[SourceDate "2004.05.04"]

1. e4 e5 2. Nf3 Nc6 3. Bc4 Nf6 4. Ng5 d5 5. exd5 Na5 6. Bb5+ c6 7. dxc6 bxc6 8. Be2 h6 9. Nh3 Bc5 10. d3 Nd5 11. Bg4 O-O 12. O-O f5 13. Bh5 Qh4 14. Bd2 Nb7 15. Nc3 Nf6 16. Be2 Nd6 17. Be3 Bb6 18. Bxb6 axb6 19. f4 e4 20. dxe4 Nfxe4 21. Nxe4 Nxe4 22. Qd4 Qd8 23. Qc4+ Kh7 24. Qxc6 Qd4+ 25. Kh1 Bd7 26. Qc4 Qxb2 27. Qc7 Be6 28. Rab1 Qxa2 29. Qxb6 Qxc2 30. Bf3 1/2-1/2

[Event "Pays-Bas (championnat SF)"]
[Site "?"]
[Date "2004.02.28"]
[Round "1.1"]
[White "Snuverink Jochem"]
[Black "Solleveld Maarten"]
[Result "1/2-1/2"]
[WhiteElo "2204"]
[BlackElo "2484"]
[PlyCount "121"]
[EventDate "2004.??.??"]
[Source "www.chesslib.no"]
[SourceDate "2004.05.04"]

1. e4 e5 2. Nf3 Nc6 3. Bc4 Nf6 4. Ng5 d5 5. exd5 Na5 6. Bb5+ c6 7. dxc6 bxc6 8. Be2 h6 9. Nh3 Be7 10. Nc3 O-O 11. O-O Qc7 12. d3 Rd8 13. Qe1 Bf5 14. Kh1 Nb7 15. f4 e4 16. dxe4 Nxe4 17. Bd3 Ned6 18. Nf2 Bh4 19. Bd2 Re8 20. Qd1 Rad8 21. Qh5 Bxf2 22. Rxf2 Qb6 23. Raf1 Bxd3 24. cxd3 Nc5 25. f5 Nxd3 26. Rf3 Nc4 27. Na4 Nxd2 28. Nxb6 axb6 29. f6 Nxf3 30. Qxf3 Ne5 31. Qe3 c5 32. fxg7 Kxg7 33. h3 Re6 34. Qg3+ Kf8 35. Qh4 Rd4 36. Qg3 Re4 37. Rd1 Rg6 38. Qf2 Re6 39. Qc2 Rd4 40. Rf1 Kg7 41. b3 Nd3 42. a3 Rf6 43. Rxf6 Kxf6 44. Qc3 Ke6 45. Qd2 Nf4 46. Qe3+ Kf5 47. Qe8 Rd1+ 48. Kh2 Rd2 49. Qxf7+ Kg5 50. Kg3 Rd3+ 51. Kh2 Rd2 52. Qg7+ Kf5 53. Qxh6 Rxg2+ 54. Kh1 Rg6 55. Qh7 Ke4 56. Qd7 Rg3 57. h4 Ke3 58. Qd6 Rh3+ 59. Kg1 Rg3+ 60. Kh2 Rh3+ 61. Kg1 1/2-1/2

[Event "10eme Open d'Ete de Nice"]
[Site "?"]
[Date "2003.??.??"]
[Round "1.5"]
[White "Paragua Mark"]
[Black "Tournier Mathieu"]
[Result "1-0"]
[WhiteElo "2500"]
[BlackElo "2180"]
[PlyCount "113"]
[EventDate "2003.??.??"]
[Source "www.chesslib.no"]
[SourceDate "2004.05.04"]

1. e4 e5 2. Nf3 Nc6 3. Bc4 Nf6 4. Ng5 d5 5. exd5 Na5 6. Bb5+ c6 7. dxc6 bxc6 8. Be2 h6 9. Nh3 Bd6 10. d3 O-O 11. Nc3 Bf5 12. Bf3 Qd7 13. Ng1 Rad8 14. Nge2 c5 15. Ng3 c4 16. Nxf5 Qxf5 17. O-O Bc7 18. Be4 Nxe4 19. dxe4 Rxd1 20. exf5 Rxf1+ 21. Kxf1 Nc6 22. Nd5 Bb6 23. Be3 Rd8 24. Nxb6 axb6 25. a4 Nd4 26. Rd1 Ra8 27. c3 Nxf5 28. Bxb6 Rxa4 29. Bc5 Nh4 30. Ba3 Ng6 31. Rd8+ Kh7 32. g3 h5 33. Rc8 h4 34. Kg2 f5 35. Bb4 hxg3 36. hxg3 e4 37. Re8 Kh6 38. Re6 Kg5 39. Bc5 Kh6 40. Be3+ Kh7 41. Bd4 Ra2 42. Rb6 Nf8 43. Kh3 Ra5 44. Rc6 Rb5 45. Rxc4 Rxb2 46. Rc6 Rb7 47. Kh4 Kg8 48. Kg5 Rf7 49. c4 Nh7+ 50. Kf4 g5+ 51. Ke3 Nf8 52. c5 Rd7 53. Rh6 Kf7 54. Rf6+ Ke7 55. Rxf5 Ne6 56. Bf6+ Ke8 57. Bxg5 1-0

[Event "Budapest FS09 IM-A"]
[Site "Budapest HUN"]
[Date "1995.??.??"]
[Round "10"]
[White "Stilliger, Bernhard"]
[Black "Szabo, Zsolt"]
[Result "1/2-1/2"]
[WhiteElo "2310"]
[BlackElo "2355"]
[PlyCount "24"]
[EventDate "1995.09.??"]
[Source "www.chesslib.no"]
[SourceDate "2004.05.04"]

1. e4 e5 2. Nf3 Nc6 3. Bc4 Nf6 4. Ng5 d5 5. exd5 Na5 6. Bb5+ c6 7. dxc6 bxc6 8. Be2 h6 9. Nh3 Bc5 10. d3 O-O 11. O-O Nd5 12. c4 Ne7 1/2-1/2

[Event "Helsinki Ch"]
[Site "Helsinki FIN"]
[Date "1994.??.??"]
[Round "?"]
[White "Norri, Joose"]
[Black "Koskinen, Henri"]
[Result "1-0"]
[WhiteElo "2385"]
[BlackElo "2275"]
[PlyCount "79"]
[EventDate "1994.??.??"]
[Source "www.chesslib.no"]
[SourceDate "2004.05.04"]

1. e4 e5 2. Nf3 Nc6 3. Bc4 Nf6 4. Ng5 d5 5. exd5 Na5 6. Bb5+ c6 7. dxc6 bxc6 8. Be2 h6 9. Nh3 Rb8 10. d3 Bxh3 11. gxh3 Nd5 12. O-O Bd6 13. Nc3 Nxc3 14. bxc3 Qh4 15. Bf3 Qxh3 16. Bg2 Qh4 17. Qf3 O-O 18. Qg3 Qxg3 19. hxg3 Bc5 20. Re1 f6 21. Re4 Rb5 22. Ra4 Rfb8 23. Be3 Bb6 24. Bd2 Rb2 25. Rc1 Nb7 26. c4 Bd4 27. Bxc6 Nc5 28. Ra3 Kh8 29. Be3 R2b6 30. Bxd4 exd4 31. Bd5 Na6 32. Kg2 Re8 33. Kf3 Re7 34. c3 dxc3 35. Rcxc3 Nb4 36. Be4 Nc6 37. c5 Ne5+ 38. Kf4 Rb2 39. f3 g6 40. d4 1-0